Priorities for planning (Record no. 68436)
[ view plain ]
| 000 -LEADER | |
|---|---|
| fixed length control field | 01075cam a2200205 4500 |
| 001 - CONTROL NUMBER | |
| control field | WB3737-20 |
| 008 - FIXED-LENGTH DATA ELEMENTS--GENERAL INFORMATION | |
| fixed length control field | 011002n2001 000 0 eng u |
| 035 ## - SYSTEM CONTROL NUMBER | |
| System control number | (Sirsi) u114946 |
| 245 ## - TITLE STATEMENT | |
| Title | Priorities for planning |
| 260 ## - PUBLICATION, DISTRIBUTION, ETC. | |
| Date of publication, distribution, etc. | 2001 |
| 490 ## - SERIES STATEMENT | |
| Series statement | Urban Environment Today |
| Volume/sequential designation | 27 September 2001, 4(1) |
| 520 ## - SUMMARY, ETC. | |
| Summary, etc. | The British Chamber of Commerce "Planning for the future - the BCC's priorities for planning reform" key recommendations include the appointment of a national planning commissioner, reduction in the number of policy planning guidance notes, passing responsibility for regional planning guidance to regional development agencies, streamlining compulsory purchase orders and access to planning departments including more use of IT. Full report available on http://www.britishchambers.org.uk/newsandpolicy/downloads/planning.pdf. |
| 590 ## - LOCAL NOTE (RLIN) | |
| Local note | WB |
| 650 ## - SUBJECT ADDED ENTRY--TOPICAL TERM | |
| Topical term or geographic name entry element | BRITISH CHAMBER OF COMMERCE |
| 650 ## - SUBJECT ADDED ENTRY--TOPICAL TERM | |
| Topical term or geographic name entry element | PLANNING SYSTEM |
| 650 ## - SUBJECT ADDED ENTRY--TOPICAL TERM | |
| Topical term or geographic name entry element | STREAMLINING |
| 650 ## - SUBJECT ADDED ENTRY--TOPICAL TERM | |
| Topical term or geographic name entry element | REFORM |
| 690 ## - LOCAL SUBJECT ADDED ENTRY--TOPICAL TERM (OCLC, RLIN) | |
| Topical term or geographic name as entry element | ENVIRONMENTAL AND LAND CONSULTANCY-PLANNING AND DEVELOPMENT |
| 942 ## - ADDED ENTRY ELEMENTS (KOHA) | |
| Suppress in OPAC | 0 |
| Withdrawn status | Lost status | Source of classification or shelving scheme | Damaged status | Not for loan | Home library | Current library | Shelving location | Date acquired | Total Checkouts | Full call number | Barcode | Date last seen | Copy number | Price effective from | Koha item type |
|---|---|---|---|---|---|---|---|---|---|---|---|---|---|---|---|
| Dewey Decimal Classification | London | London | News article | 02/10/2001 | WB3737-20 | 114946-1001 | 06/08/2019 | 1 | 06/08/2019 | News article |